Música de los cuerpos / (Registro nro. 12632)

Detalles MARC
000 -LIDER
fixed length control field 00687nam a22002297a 4500
003 - IDENTIFICACDOR DE NÚMERO DE CONTROL
control field DO-SdBNP
005 - DATE AND TIME OF LATEST TRANSACTION
control field 20171023114303.0
008 - ELEMENTOS DE LONGITUD FIJA
fixed length control field 171018b 2015|||| |||| 00| 0 spa d
020 ## - ISBN
International Standard Book Number 9789945588576
040 ## - FUENTE DE CATALOGACIÓN
Agencia que crea de manera original el registro BPMSU
Idioma de catalogación spa
Agencia que realiza la transcripción BPMSU
100 1# - ASIENTO PRINCIPAL -- NOMBRE PERSONAL
Nombre personal Mendoza, Reyna
245 1# - MENCIÓN DE TITULO
Título Música de los cuerpos /
Mención de responsabilidad Reyna Mendoza ; corrección Lauristely Peña
260 ## - PUBLICACIÓN, DISTRIBUCIÓN, ETC. (PIE DE IMPRENTA)
Lugar de publicación, distribución, etc Santo Domingo :
Nombre del editor, distribuidor, etc. Nacional;
Fecha de publicación, distribución, etc 2015
300 ## - DESCRIPCIÓN FÍSICA
Extensión 49 p. :
Dimensiones 23 cm.
490 1# - MENCIÓN DE SERIES
Mención de serie Tinta de taller
500 ## - NOTA GENERAL
Nota general Incluye datos biográficos del autor.
700 1# - ASIENTO SECUNDARIO -- NOMBRE PERSONAL
Nombre personal Peña, Lauristely,
Mención de responsabilidad corr.
830 #4 - ASIENTO SECUNDARIO DE SERIE--TÍTULO UNIFORME
Título uniforme Tinta de taller
942 ## - ADDED ENTRY ELEMENTS (KOHA)
Source of classification or shelving scheme Dewey Decimal Classification
Koha item type Libros
945 ## - INFORMACIÓN DE PROCESAMIENTO LOCAL
Información de procesamiento local Inventariado / 2017 VM
956 ## - LOCAL ELECTRONIC LOCATION AND ACCESS (OCLC)
Nombre de host BTAVAREZ
Número de acceso 10
Información de compresión 20171018
Trayectoria 0038
Existencias
Withdrawn status Lost status Source of classification or shelving scheme Damaged status Not for loan Collection code Home library Current library Date acquired Source of acquisition Total Checkouts Barcode Date last seen Price effective from Koha item type
    Dewey Decimal Classification     Colección Dominicana Biblioteca Pública Metropolitana Salomé Ureña Biblioteca Pública Metropolitana Salomé Ureña 10/18/2017 Editora Nacional   BPMSU17100059 10/18/2017 10/18/2017 Libros